Problèmes ergodiques de la méchanique classique

Na minha lista:
Detalhes bibliográficos
Principais autores: Arnold, Vladimir Igorevich (Autor), Avez, A (Autor)
Formato: Livro
Idioma:francês
Publicado em: París Gauthier-Villars 1967
coleção:Monographies Internationales de Mathématiques Modernes, 9
Assuntos:
Tags: Adicionar Tag
Sem tags, seja o primeiro a adicionar uma tag!

MARC

LEADER 00000nam a2200000 a 4500
001 UCQ8539
003 CL-VaPUC
008 981210e19670000FR |||||||||||||||||fre|d
082 0 4 |a 531.015  |b ARN  |2 21 
100 0 |a Arnold, Vladimir Igorevich  |e author  |9 422545 
700 0 |a Avez, A  |e author  |9 422546 
245 1 0 |a Problèmes ergodiques de la méchanique classique 
300 |a 243 p 
942 |c BK 
945 |d 19981210 00:00:00  |a cmena 
260 |a París  |b Gauthier-Villars  |c 1967 
650 0 |a Mecánica   |9 260096 
650 0 |a Matemática aplicada   |9 260236 
650 0 |a Propiedades mecánicas   |9 262507 
583 |a last modification  |c 19981210 00:00:00  |k Rodrigo Vera 
490 0 |a Monographies Internationales de Mathématiques Modernes, 9 
999 |c 277763  |d 277761 
952 |0 0  |1 0  |4 0  |6 531_015000000000000_ARN_1967  |7 0  |8 A  |9 315963  |a BIBMAT  |b BIBMAT  |d 2019-11-20  |i 1306677  |o 531.015 ARN 1967  |p 1306677  |r 2025-01-07  |w 2019-11-20  |y BK  |k MAT 
952 |0 0  |1 0  |4 0  |6 531_015000000000000_ARN_1967  |7 0  |8 A  |9 315964  |a BIBMAT  |b BIBMAT  |d 2019-11-20  |i 1306685  |o 531.015 ARN 1967  |p 1306685  |r 2025-01-07  |w 2019-11-20  |y BK  |k MAT